<?xml version="1.0" encoding="UTF-8"?>
<collection xmlns="http://www.loc.gov/MARC21/slim">
 <record>
  <leader>01133aam a22002418a 4500</leader>
  <controlfield tag="001">00028358</controlfield>
  <controlfield tag="005">20171026081023.0</controlfield>
  <controlfield tag="008">120327s2000                  ||||||viesd</controlfield>
  <datafield tag="041" ind1="0" ind2="#">
   <subfield code="a">vie</subfield>
  </datafield>
  <datafield tag="082" ind1="1" ind2="4">
   <subfield code="a">339</subfield>
   <subfield code="b">CH312S</subfield>
  </datafield>
  <datafield tag="100" ind1="1" ind2="#">
   <subfield code="a">Devylder, Stefan</subfield>
  </datafield>
  <datafield tag="245" ind1="1" ind2="0">
   <subfield code="b">Cuốn sách tập trung phân tích về các nước đang phát triển</subfield>
   <subfield code="a">Chính sách kinh tế vĩ mô và quyền trẻ em</subfield>
   <subfield code="c">Stefan Devylder</subfield>
  </datafield>
  <datafield tag="260" ind1="#" ind2="#">
   <subfield code="a">Sweden</subfield>
   <subfield code="b">Save the children</subfield>
   <subfield code="c">2000</subfield>
  </datafield>
  <datafield tag="300" ind1="#" ind2="#">
   <subfield code="a">76tr.</subfield>
   <subfield code="c">24cm.</subfield>
  </datafield>
  <datafield tag="650" ind1="#" ind2="4">
   <subfield code="a">Trẻ em</subfield>
   <subfield code="x">Chính sách</subfield>
  </datafield>
  <datafield tag="653" ind1="#" ind2="#">
   <subfield code="a">Công tác xã hội</subfield>
  </datafield>
  <datafield tag="653" ind1="#" ind2="#">
   <subfield code="a">Kinh tế vĩ mô</subfield>
  </datafield>
  <datafield tag="653" ind1="#" ind2="#">
   <subfield code="a">Quyền trẻ em</subfield>
  </datafield>
  <datafield tag="852" ind1="#" ind2="#">
   <subfield code="b">Kho mượn</subfield>
   <subfield code="j">KM.0013667, KM.0013668, KM.0013669, KM.0013670, KM.0013671, KM.0013672, KM.0013673, KM.0013674, KM.0013675, KM.0013676, KM.0013677, KM.0013678, KM.0013679, KM.0013680, KM.0013835</subfield>
  </datafield>
  <datafield tag="852" ind1="#" ind2="#">
   <subfield code="b">Kho đọc</subfield>
   <subfield code="j">KD.0012690</subfield>
  </datafield>
  <datafield tag="852" ind1="#" ind2="#">
   <subfield code="j">KM.0013670</subfield>
   <subfield code="j">KM.0013671</subfield>
   <subfield code="j">KM.0013673</subfield>
   <subfield code="j">KM.0013668</subfield>
   <subfield code="j">KM.0013669</subfield>
   <subfield code="j">KD.0012690</subfield>
   <subfield code="j">KM.0013667</subfield>
   <subfield code="j">KM.0013672</subfield>
   <subfield code="j">KM.0013835</subfield>
  </datafield>
  <datafield tag="910" ind1=" " ind2=" ">
   <subfield code="d">27/03/2012</subfield>
  </datafield>
  <datafield tag="980" ind1="#" ind2="#">
   <subfield code="a">Trung tâm Học liệu Lê Vũ Hùng, Trường Đại học Đồng Tháp</subfield>
  </datafield>
 </record>
</collection>
